Personnages de fiction de A à Z en images #3 - Statistiques

Statistiques générales
  • Ce quiz a été pris 83 fois
  • Le résultat moyen est 19 sur 26
Statistiques - réponses
Par images Hint Réponse % Correct
B Bob l'éponge
100%
C Cruella d'Enfer
99%
H Hulk
99%
S Superman
99%
T Titeuf
99%
E E.T.
98%
F Franklin
98%
I Indiana Jones
98%
O Olaf
96%
A Amélie Poulain
94%
U Ursula
94%
G Goldorak
93%
P Popeye
91%
Z Zelda
89%
L Léon
83%
R Rick Sanchez
79%
W Walter White
79%
K Kirby
76%
J Jinx
40%
X Xénomorphe
40%
M Megaman
39%
N Nezuko Kamado
30%
D Danaël
21%
Y Yzma
21%
V Valérian
20%
Q Q*bert
8%
Aucun quiz correspondant
Distribution des résultats
% des personnes avec chaque résultat
Percentile par nombre de réponses
Votre historique - résultats
Vous n’avez pas pris ce quiz